Taylor Swift - Paroles Mine - Statistiques

Statistiques générales
  • Ce quiz a été pris 44 fois
    40 depuis la dernière actualisation
  • Le résultat moyen est 362 sur 405
Statistiques - réponses
Hint Réponse % Correct
a
100%
by
100%
for
100%
I
100%
"I
100%
in
100%
it
100%
it?"
100%
it?
100%
me
100%
me,
100%
that
100%
the
100%
The
100%
was
100%
we
100%
We
100%
were
100%
we're
100%
We're
100%
what
100%
Couplet 1 | Refrain You
100%
you
100%
you,
100%
your
100%
and
96%
And
96%
are
96%
arm
96%
around
96%
been
96%
believe
96%
best
96%
"Can
96%
can
96%
daughter
96%
Outro | Refrain Do
96%
ever
96%
first
96%
look
96%
love,
96%
love
96%
mine
96%
mine"
96%
never
96%
of
96%
Intro Oh,
96%
oh,
96%
oh
96%
out
96%
out,
96%
put
96%
remember,
96%
remember
96%
see
96%
that's
96%
Then
96%
there
96%
thing
96%
time
96%
to
96%
water?
96%
water
96%
As
93%
is
93%
it's
93%
now
93%
on
93%
on,
93%
on)
93%
sittin'
93%
with
93%
careful
89%
college,
89%
got
89%
if
89%
"I'll
89%
leave
89%
made
89%
my
89%
all
85%
alone"
85%
at
85%
back
85%
bills
85%
careless
85%
every
85%
fear
85%
last
85%
like
85%
make
85%
man's
85%
nothin'
85%
part
85%
pay
85%
said,
85%
say,
85%
say
85%
tables
85%
When
85%
working
85%
'Cause
81%
fallin'
81%
figure
81%
hands
81%
moment,
81%
our
81%
took
81%
about
78%
Pré-refrain But
78%
everything
78%
fell
78%
goodbye
78%
into
78%
Left
78%
mistakes
78%
parents'
78%
risk,
78%
small
78%
This
78%
town,
78%
we'll
78%
why
78%
Yes,
78%
yes,
78%
yes
78%
bother
74%
couch
74%
I've
74%
looked
74%
lyin'
74%
myself
74%
place
74%
rebel
74%
She
74%
street
74%
surprise
74%
Wondering
74%
crying,
70%
figured
70%
flight
70%
hard
70%
I'm
70%
lasts
70%
there's
70%
waiting
70%
(Yeah,
70%
yeah,
70%
yeah)
70%
(yeah,
70%
fight,
67%
followed
67%
how
67%
known
67%
thought
67%
right
63%
start
63%
things
63%
lights
59%
take
59%
together
59%
2:30 AM
56%
forward,
56%
gonna
56%
secrets
56%
slipping
56%
world
56%
guarded
52%
saw
52%
sitting
52%
city
48%
drawer
48%
Couplet 2 Flash
48%
Post-refrain Hold
48%
(Hold
48%
(hold
48%
ran
48%
takin'
48%
felt,
44%
learn
44%
Braced
41%
turn
41%
Aucun quiz correspondant
Distribution des résultats
% des personnes avec chaque résultat
Percentile par nombre de réponses
Votre historique - résultats
Vous n’avez pas pris ce quiz depuis la dernière actualisation